Podbeľ liečivý

Bibliographic Details
Main Author: Ambrová, M. (Author)
Format: Article
Language:Slovak
PhysicalDescription:Obr. 1.
Subjects:

MARC

LEADER 00000nab a2200000 a 4500
001 vtls000141809
003 SK-MaSNL
005 20260303025835.0
008 111104c1983 xo 0 slo
015 |a SNBRB19rr/mm-uuuuu 
035 |a CL0151915 
040 |a SNKBUCL  |b slo  |c SNKBUCL  |e AACR2 
041 0 |a slo 
044 |a xo  |c SK 
080 |a 633.8  |2 1981 
100 1 |a Ambrová, M.  |4 aut  |9 1001224 
245 1 0 |a Podbeľ liečivý  |c M. Ambrová 
300 |b Obr. 1. 
650 0 7 |a podbeľ liečivý  |2 snkbucl  |9 110384 
650 0 7 |a Tussilago farfara L.  |2 snkbucl  |9 1010610 
655 7 |a články z novín a časopisov  |2 snkbucl  |9 267496 
773 0 |t Záhradkár  |g Roč. 19, č. 2 (1983), s. 37 
850 |a Slovenská národná knižnica v Martine  |a MTA001 
852 |a SNK  |b KIS3GCP 
958 |a RK 
992 |a RBX 
999 |c 1648688  |d 1650618